000 00269nam a22001217a 4500
999 _c13852
_d13852
020 _a978-1465458551
082 _a100
100 _aDK
245 _aThe Philosophy Book: Big Ideas Simply Explained
260 _aNew York
_bDK
_c2017
300 _a352 pages
942 _cBK